000 00726nam a2200241 a 4500
001 nice12345678
003 IN_TiNIC
005 20260116012421.0
008 050524s1979 paka grp 000 0 eng
020 _a
_c300
082 0 0 _a509
_bSAI
100 _aSaid, Hakim Mohammed
245 _aHistory and Philosophy of Science
_b Proceedings of the Int.Cogress, Islamaba
260 _aPakistan
_bHamdard Foundation Press
_c1979
300 _a280p
500 _aincludes index and biblioraphy
505 2 _aproceeding ofthe int.congress of the hist.and philosophy of science, islamabad, 8-13 Dec,1979
650 _aScience-History
700 1 _aSaid, Hakim Mohammed
902 _bSRS
942 _cBK
999 _c6943
_d6943